[Event "LSS OP-2009-0-00754"]
[Site "LSS email"]
[Date "2009.02.18"]
[Round "?"]
[White "Pecsi, Roland"]
[Black "Celaya, Jose Carlos"]
[Result "1-0"]
[WhiteElo "800"]
[BlackElo "2002"]
[PlyCount "33"]
[EventDate "2009.02.12"]
[EventType "tourn (corr)"]
[EventRounds "4"]
[EventCountry "GER"]
[SourceTitle "Corr 2011"]
[Source "ChessBase"]
[SourceDate "2010.08.31"]
[SourceVersion "1"]
[SourceVersionDate "2010.08.31"]
[SourceQuality "1"]

1. e4 d6 2. d4 Nf6 3. Nc3 g6 4. Bg5 Bg7 5. Bd3 Nbd7 6. Nf3 e5 7. d5 h6 8. Bxf6 Nxf6 9. 0-0 0-0 10. h3 Nh5 11. Nb5 c6 12. dxc6 bxc6 13. Nc3 Be6 14. Be2 Qe7 15. a3 Rad8 16. b4 d5 17. exd5 1-0

[Event "LSS OP-2006-0-00058"]
[Site "LSS email"]
[Date "2006.06.06"]
[Round "?"]
[White "Goletto, Piero Giuseppe"]
[Black "Celaya, Jose Carlos"]
[Result "1-0"]
[WhiteElo "439"]
[BlackElo "2002"]
[PlyCount "29"]
[EventDate "2006.06.02"]
[EventType "tourn (corr)"]
[EventRounds "4"]
[EventCountry "GER"]
[SourceTitle "Corr 2015"]
[Source "ChessBase"]
[SourceDate "2015.07.17"]
[SourceVersion "1"]
[SourceVersionDate "2015.07.17"]
[SourceQuality "1"]

1. e4 e6 2. Nf3 d5 3. Bb5+ c6 4. Ba4 dxe4 5. Nc3 exf3 6. gxf3 Nf6 7. d4 Nbd7 8. d5 exd5 9. Nb5 cxb5 10. Bg5 bxa4 11. Rf1 Bb4+ 12. c3 Qe7+ 13. Be3 Bc5 14. b4 Bxe3 15. fxe3 1-0

[Event "LSS OP-2006-0-00058"]
[Site "LSS email"]
[Date "2006.06.05"]
[Round "?"]
[White "Celaya, Jose Carlos"]
[Black "Ronda, Achille"]
[Result "0-1"]
[WhiteElo "2002"]
[BlackElo "1286"]
[PlyCount "20"]
[EventDate "2006.06.02"]
[EventType "tourn (corr)"]
[EventRounds "4"]
[EventCountry "GER"]
[SourceTitle "Corr 2015"]
[Source "ChessBase"]
[SourceDate "2015.07.17"]
[SourceVersion "1"]
[SourceVersionDate "2015.07.17"]
[SourceQuality "1"]

1. d4 d5 2. c4 c6 3. Nf3 Nf6 4. Nc3 e6 5. Bg5 Nbd7 6. cxd5 cxd5 7. e3 a6 8. a4 Be7 9. Bd3 b6 10. 0-0 Bb7 0-1